000 00817nam a2200241Ia 4500
003 GCL
008 140319s9999 xx 000 0 ara d
040 _aGCL /
_cGCL
082 0 4 _a257.1
_bم ق
100 1 _aفؤاد عبدالمنعم احمد (تحقيق)
245 1 0 _aقوانين الوزارة /
_cفؤاد عبدالمنعم احمد (تحقيق)
700 1 _aمحمد سليمان داود (تحقيق)
700 1 _aالمارودى, ابو الحسن على البصرى
260 _a[S.N] :
_bمؤسسة شباب الجامعة ،
_c1991
300 _a221
490 _a
650 0 4 _aالاسلام
650 0 4 _aالقضاء فى الاسلام
650 0 4 _aالنظام السياسى
650 0 4 _aنظام الحكم
650 0 4 _aالاسلام والسياسة
942 _2ddc
_cBK
999 _c28982
_d28982